| 000 | 01036nam a2200205 i 4500 | ||
|---|---|---|---|
| 001 | 181173 | ||
| 003 | ES-MaACL | ||
| 005 | 20230909063125.0 | ||
| 008 | 121026s1912 sp | |||| ||spa d | ||
| 100 | 1 |
_aBarras de Aragón, Francisco de las, _d1869-1955 _925859 |
|
| 245 | 1 | 0 |
_aNotas para un estudio preliminar histórico natural de la Sierra de Guadarrama / _cpor Francisco de las Barras de Aragón. |
| 260 |
_a[Madrid : _bJunta para Ampliación de Estudios e Investigaciones Científicas, _c1912] ( _eMadrid : _fImp. de Fortanet) |
||
| 300 |
_aP. 261-345 ; _c23 cm. |
||
| 490 | 1 |
_aAnales de la Junta para Ampliación de Estudios e Investigaciones Científicas ; _vt. 8, memoria 6 |
|
| 651 | 4 |
_aGuadarrama (España, Sierra)- _xDescripción. _98798 |
|
| 710 | 2 |
_aJunta para la Ampliación de Estudios e Investigaciones Científicas. _95413 |
|
| 830 | 0 |
_aAnales de la Junta para Ampliación de Estudios e Investigaciones Científicas ; _vt. 8, memoria 6 _9186710 |
|
| 852 |
_aES-MaACL _jB-13164(6) |
||
| 999 |
_c181173 _d181173 |
||